Geometry III : theory of Surfaces

Αποθηκεύτηκε σε:
Λεπτομέρειες βιβλιογραφικής εγγραφής
Άλλοι συγγραφείς: Burago, IU. D. (IUrii Dmitrievich) (Επιμελητής έκδοσης), Zalgaller, V. A. (Victor A.) (Επιμελητής έκδοσης)
Μορφή: Βιβλίο
Γλώσσα:English
Russian
Δημοσίευση: Berlin : Springer-Verlag, c1992.
Σειρά:Encyclopaedia of mathematical sciences ; 48
Θέματα:
Ετικέτες: Προσθήκη ετικέτας
Δεν υπάρχουν, Καταχωρήστε ετικέτα πρώτοι!

MARC

LEADER 00000cam a2200000 i 4500
001 1/31502
008 960726s1992 gw | ||| |||| ||eng||
020 |a 354053377X 
035 |a 1995  |l 10038845 
040 |a GR-MY-UA  |b gre  |e aacr 
041 1 |a eng  |h rus 
082 0 |a 516.36 
245 1 0 |a Geometry III :   |b theory of Surfaces /   |c Yu. D. Burago, V.A. Zalgaller (eds.)  
246 3 3 |a Geometry 3 
246 3 3 |a Geometry trhee 
246 3 3 |a Theory of surfaces 
260 |a Berlin :   |b Springer-Verlag,   |c c1992.  
300 |a 256 σ. ;   |c 24 εκ.  
490 1 |a (Encyclopaedia of mathematical sciences   |v ; 48)  
500 |a Τίτλος πρωτοτύπου: Geometriya 3 
504 |a Περιέχει βιβλιογραφικές αναφορές και ευρετήρια 
650 0 0 |a Surfaces. 
700 1 |a Burago, IU. D.   |q (IUrii Dmitrievich)  |e edt 
700 1 |a Zalgaller, V. A.   |q (Victor A.)  |e edt 
830 0 |a Encyclopaedia of mathematical sciences ;  |v  48 
852 |a INST  |b SAMOS  |e 19960726  |h 516.36 GEO  |p 005300005222  |q 005300005222  |t BK  |y 0 
909 |a Σ  |b 039338